Online katalóg knižníc regiónu Turca

Vojvodkyňa (Record no. 22181)

MARC details
000 -LEADER
fixed length control field 01894cam a2200529 4500
001 - CONTROL NUMBER
control field 22181
003 - CONTROL NUMBER IDENTIFIER
control field VRT
005 - DATE AND TIME OF LATEST TRANSACTION
control field 20260321120121.0
008 - FIXED-LENGTH DATA ELEMENTS--GENERAL INFORMATION
fixed length control field 210624s2019 xo er 010 fdslo
015 ## - NATIONAL BIBLIOGRAPHY NUMBER
National bibliography number SNBA2019/07
020 ## - INTERNATIONAL STANDARD BOOK NUMBER
International Standard Book Number 9788055166834
Qualifying information (viazané)
035 ## - SYSTEM CONTROL NUMBER
System control number urn:nbn:sk:snk-am00e960
035 ## - SYSTEM CONTROL NUMBER
System control number urn:nbn:sk:snk-am3iga9
035 ## - SYSTEM CONTROL NUMBER
System control number 3B35747A-F5FE-4E84-A43A-B8F44EB3ECFA
039 #9 - LEVEL OF BIBLIOGRAPHIC CONTROL AND CODING DETAIL [OBSOLETE]
Level of rules in bibliographic description 202208151216
Level of effort used to assign nonsubject heading access points AUTHORITY
Level of effort used to assign subject headings 202208151200
Level of effort used to assign classification AUTHORITY
Level of effort used to assign subject headings 202106241135
Level of effort used to assign classification VLOAD
Level of effort used to assign subject headings 202102090833
Level of effort used to assign classification VLOAD
040 ## - CATALOGING SOURCE
Original cataloging agency TTKJF
Language of cataloging slo
Transcribing agency TTKJF
Modifying agency SNK
Description conventions rda
041 1# - LANGUAGE CODE
Language code of text/sound track or separate title slo
Language code of original eng
044 ## - COUNTRY OF PUBLISHING/PRODUCING ENTITY CODE
MARC country code xo
ISO country code SK
072 #7 - SUBJECT CATEGORY CODE
Subject category code 821.111(73)-3
Subject category code subdivision Americká próza
Source konspekt
080 ## - UNIVERSAL DECIMAL CLASSIFICATION NUMBER
Universal Decimal Classification number 821.111(73)-31
Edition identifier 2011
080 ## - UNIVERSAL DECIMAL CLASSIFICATION NUMBER
Universal Decimal Classification number (0:82-312.5)
Edition identifier 2011
080 ## - UNIVERSAL DECIMAL CLASSIFICATION NUMBER
Universal Decimal Classification number (0:82-311.6)
Edition identifier 2011
100 1# - MAIN ENTRY--PERSONAL NAME
Personal name Steel, Danielle,
Dates associated with a name 1947-
Relationship aut
240 14 - UNIFORM TITLE
Uniform title The Duchess
Language of a work Slovensky
245 10 - TITLE STATEMENT
Title Vojvodkyňa
Statement of responsibility, etc. Danielle Steel ; preložila Zuzana Gašparovičová
264 #1 - PRODUCTION, PUBLICATION, DISTRIBUTION, MANUFACTURE, AND COPYRIGHT NOTICE
Place of production, publication, distribution, manufacture Bratislava
Name of producer, publisher, distributor, manufacturer Ikar
Date of production, publication, distribution, manufacture, or copyright notice 2019
300 ## - PHYSICAL DESCRIPTION
Extent 301 strán
Dimensions 21 cm
336 ## - CONTENT TYPE
Content type term text
Content type code txt
Source rdacontent
337 ## - MEDIA TYPE
Media type term bez média
Media type code n
Source rdamedia
338 ## - CARRIER TYPE
Carrier type term zväzok
Carrier type code nc
Source rdacarrier
500 ## - GENERAL NOTE
General note Preložené z angličtiny
500 ## - GENERAL NOTE
General note Obsahuje krátke biografické údaje o autorke na prebale publikácie
655 #7 - INDEX TERM--GENRE/FORM
Genre/form data or focus term americké romány
Source of term SNKPH
655 #7 - INDEX TERM--GENRE/FORM
Genre/form data or focus term ľúbostné romány
Source of term SNKPH
655 #7 - INDEX TERM--GENRE/FORM
Genre/form data or focus term historické romány
Source of term SNKPH
655 #7 - INDEX TERM--GENRE/FORM
Genre/form data or focus term American fiction
Source of term SNKPHeng
655 #7 - INDEX TERM--GENRE/FORM
Genre/form data or focus term Love novels
Source of term SNKPHeng
655 #7 - INDEX TERM--GENRE/FORM
Genre/form data or focus term Historical novels
Source of term SNKPHeng
700 1# - ADDED ENTRY--PERSONAL NAME
Personal name Gašparovičová, Zuzana
Relationship trl
910 ## - USER-OPTION DATA (OCLC)
User-option data snk
942 ## - ADDED ENTRY ELEMENTS (KOHA)
Source of classification or shelving scheme Dewey Decimal Classification
Koha item type Krásna literatúra pre dospelých
Suppress in OPAC No
949 ## - LOCAL PROCESSING INFORMATION (OCLC)
6 273K0648060
a svkpoA 243092
b svkpo638860
949 ## - LOCAL PROCESSING INFORMATION (OCLC)
6 270001000603657
a svkbba 158080
b svkbbm 784663
949 ## - LOCAL PROCESSING INFORMATION (OCLC)
6 17A1374268
a snkSC 184943
b snk2019/17791
o 1400/2019
s 6100:20190717
949 ## - LOCAL PROCESSING INFORMATION (OCLC)
6 2889351215
a savukPV 28392
b savuk2019/2812
949 ## - LOCAL PROCESSING INFORMATION (OCLC)
6 17A1376725
a snkSC 184943 D1
b snk2019/22002
o 1400/19
Holdings
Stav vyradenia Strata Poškodenie Spôsob nadobudnutia Domovská knižnica Aktuálna knižnica Dátum nadobudnutia Cena Total checkouts Čiarový kód exemplára Date last seen Typ exemplára
      Kúpa Obecná knižnica Horná Štubňa Obecná knižnica Horná Štubňa 21.03.2026 12.90   9788055166834 21.03.2026 Krásna literatúra pre dospelých
Projekt je podporený Slovenskou asociáciou knižníc
Prevádzkuje Turčianska knižnica Martin 2026